000 00329nam a22001457a 4500
008 230516b ||||| |||| 00| 0 eng d
020 _a9781559391276
041 _aeng
080 _a159.9
082 _a159.9HOU
100 _a25
101 _aPSI
245 _aCONSCIOUSNESS AT THE CROSSROADS
_cHOUSHMAND.Z
942 _2udc
_cBK
999 _c59745
_d59745